| 000 | 00418 a2200157 4500 | ||
|---|---|---|---|
| 999 |
_c321328 _d321328 |
||
| 001 | 86255 | ||
| 003 | NUST | ||
| 005 | 20180122101816.0 | ||
| 008 | 180122b xxu||||| |||| 00| 0 eng d | ||
| 020 | _a9780199063581 | ||
| 082 | _a954.9205 MUJ | ||
| 100 |
_aSheikh Mujibur Rahman _99448 |
||
| 245 |
_aThe unfinished memoirs _cSheikh Mujibur Rahman _hEnglish |
||
| 250 | _a1st | ||
| 260 |
_aKarachi _bOxford university Press _c2012 |
||
| 300 | _a323p. | ||
| 500 | _aGeneral Collection | ||
| 942 |
_aCAE NUST _cBK _k954.9205 MUJ _2ddc |
||